| 000 | 01253pam a2200313 a 4500 | ||
|---|---|---|---|
| 001 | 2840331 | ||
| 003 | NUST-PNEC | ||
| 005 | 20170116180706.0 | ||
| 008 | 840127s1984 nyua b 001 0 eng | ||
| 010 | _a 84000837 | ||
| 020 | _a0070494797 | ||
| 040 |
_aDLC _cPNEC |
||
| 050 | 0 | 0 |
_aTP151 _b.P45 1984 |
| 082 | 0 | 0 | _a660.202 PER |
| 100 |
_9345 _aPerry, Robert H. |
||
| 245 | 0 | 0 | _aPerry's Chemical engineers' handbook. |
| 250 |
_a6th ed. / _bprepared by a staff of specialists under the editorial direction of late editor Robert H. Perry ; editor, Don W. Green ; assistant editor, James O. Maloney. |
||
| 260 |
_aNew York : _bMcGraw-Hill, _cc1984. |
||
| 300 |
_a1 v. (various pagings) : _b1846 ill. ; _c27 cm. |
||
| 500 | _aIncludes Index http://www.amazon.com/Perrys-Chemical-Engineers-Handbook-Robert/dp/0070494797/ref=sr_1_1?s=books&ie=UTF8&qid=1411543232&sr=1-1&keywords=0070494797 | ||
| 504 | _aIncludes bibliographical references and index. | ||
| 650 | 0 |
_aChemical engineering _vHandbooks, manuals, etc. _xME |
|
| 700 | 1 |
_aPerry, Robert H., _d1924-1978. |
|
| 700 | 1 | _aGreen, Don W. | |
| 700 | 1 | _aMaloney, James O. | |
| 730 | 0 | _aChemical engineers' handbook. | |
| 906 |
_a7 _bcbc _corignew _d1 _eocip _f19 _gy-gencatlg |
||
| 942 |
_2ddc _cBK |
||
| 999 |
_c60726 _d60726 |
||